[Event "SVK ECo-C Extraliga 2018-19"]
[Site "Slovakia"]
[Date "2019.03.10"]
[Round "8.4"]
[White "Istona, Martin"]
[Black "Krak, Tomas"]
[Result "1/2-1/2"]
[WhiteElo "2269"]
[BlackElo "2298"]
[Annotator "TA"]
[PlyCount "81"]
[EventDate "2018.11.10"]
[EventType "team-tourn"]
[EventCountry "SVK"]
[SourceTitle "playchess.com"]
[Source "ChessBase"]
[SourceQuality "1"]
[WhiteTeam "Osuske"]
[BlackTeam "Snina"]

{[%evp 10,81,30,8,6,12,14,14,20,17,12,0,44,0,2,0,0,-34,-8,-18,-16,-17,-23,-34,-34,-41,-7,-7,-8,-11,-7,0,-4,-8,0,-19,0,0,0,0,0,-11,0,0,1,4,8,8,37,0,24,24,49,50,50,47,49,25,30,30,30,30,30,30,30,30,30,30,30,30,30,1,28,28]} 1. e4 c5 2. Nf3 Nc6 3. d4 cxd4 4. Nxd4 d6 5. Nc3 e5 6. Nf5 Bxf5 {B54: Sicilian: 2...d6 3 d4 cxd4 4 Nxd4, Unusual Lines} 7. exf5 Qd7 8. Nd5 Nf6 {The position is equal.} (8... Nge7 9. f6 Nxd5 10. fxg7 Bxg7 11. Qxd5 Qe6 12. Bc4 Nd4 13. Qxe6+ fxe6 14. Bd3 {½-½ (35) Maze,S (2612)-Cornette,M (2593) Nimes 2018}) 9. Bc4 Be7 10. O-O O-O 11. f4 Nxd5 12. Bxd5 Qxf5 13. g4 Qc8 14. c3 $146 ({Predecessor:} 14. f5) 14... exf4 15. Bxf4 Ne5 16. Bxe5 dxe5 17. Qf3 Qc5+ 18. Kh1 {[%cal Rd5f7]} Rad8 19. Rad1 {[%cal Rd5f7]} b5 20. Bxf7+ Kh8 {[#] Threatens to win with ...Rxd1.} 21. Rxd8 Bxd8 22. Qg2 Bb6 23. Bb3 e4 24. Rxf8+ Qxf8 25. Bd5 Qf4 26. Qe2 $1 h5 {[#] aiming for ...Qc1+.} 27. Bxe4 hxg4 {( -> ...Qc1+)} 28. Bd3 {White wants to mate with Qe8+.} Be3 29. Kg2 (29. Qg2 {is more complex.} Bc5 30. Qa8+ Bf8 31. Qe4 Qxe4+ 32. Bxe4 b4 33. c4) 29... a6 (29... Qg5 {looks sharper.} 30. Bf5 Qxf5 31. Qxe3 Qc2+ 32. Qf2 Qd3) 30. Qf1 Qxf1+ 31. Bxf1 $11 {[%mdl 4096] Endgame KB-KB} Bc1 32. b3 Bf4 33. a4 Be5 34. axb5 axb5 35. Bxb5 Bxc3 36. Bd7 Kg8 37. Bxg4 Kf7 38. Kf3 Ke7 39. Ke4 Kd6 40. h4 Kc5 41. h5 {Accuracy: White = 55%, Black = 56%.} 1/2-1/2

[Event "SVK ECo-C Extraliga 2018-19"]
[Site "Slovakia"]
[Date "2019.03.10"]
[Round "8.5"]
[White "Varga, Zoltan"]
[Black "Tazbir, Marcin"]
[Result "1/2-1/2"]
[WhiteElo "2448"]
[BlackElo "2532"]
[Annotator "TA"]
[PlyCount "37"]
[EventDate "2018.11.10"]
[EventType "team-tourn"]
[EventCountry "SVK"]
[SourceTitle "playchess.com"]
[Source "ChessBase"]
[SourceQuality "1"]
[WhiteTeam "Streda"]
[BlackTeam "Dunajov"]

{[%evp 12,37,28,29,27,25,35,-12,37,26,27,34,29,31,31,31,32,26,41,25,37,25,31,36,24,31,43,54]} 1. c4 e5 2. Nf3 Nc6 3. Nc3 g6 4. d4 exd4 5. Nxd4 Bg7 6. Nxc6 bxc6 7. g3 Rb8 {A27: English Opening: Three Knights Variation} (7... Ne7 8. Bg2 O-O 9. O-O d6 10. Bg5 Be6 11. Qd3 Rb8 12. b3 c5 13. Rad1 h6 14. Bc1 Re8 15. Qd2 Kh7 16. Bb2 Ng8 17. Rfe1 Nf6 18. h3 {½-½ (33) So,W (2765)-Mamedyarov,S (2817) Kolkata 2018}) 8. Qc2 Ne7 9. Be3 $146 ({Predecessor:} 9. Bg2 c5 10. O-O O-O 11. b3 d6 12. Bb2 Bf5 13. Qd2 Qd7 14. Rad1 Bh3 15. Ne4 Bxg2 16. Kxg2 {1-0 (37) Kovacevic,B (2447)-Saric,I (2556) Zagreb 2010}) 9... a6 {The position is equal.} 10. Rd1 Nf5 11. Ba7 Rb7 12. Bc5 d6 {Black wants to play ...Qe7.} 13. Bg2 Bd7 14. Ba3 O-O 15. e3 Rb8 16. O-O c5 17. b3 Ne7 18. Rfe1 Qc8 19. Bb2 {Accuracy: White = 64%, Black = 73%.} 1/2-1/2

[Event "SVK ECo-C Extraliga 2018-19"]
[Site "Slovakia"]
[Date "2019.03.10"]
[Round "8.5"]
[White "Vass, Frantisek"]
[Black "Hausner, Ivan"]
[Result "1/2-1/2"]
[WhiteElo "2320"]
[BlackElo "2338"]
[Annotator "TA"]
[PlyCount "22"]
[EventDate "2018.11.10"]
[EventType "team-tourn"]
[EventCountry "SVK"]
[SourceTitle "playchess.com"]
[Source "ChessBase"]
[SourceQuality "1"]
[WhiteTeam "Podhajska"]
[BlackTeam "Liptovska"]

{[%evp 9,22,-10,-5,-14,23,17,22,24,26,34,61,55,58,46,54]} 1. d4 d6 2. c4 e5 3. d5 Be7 4. e4 (4. Nc3 a5 5. Nf3 Na6 6. e4 Nf6 7. Bd3 O-O 8. O-O Ne8 9. a3 Bg4 10. Rb1 c5 11. Be2 Bxf3 12. Bxf3 {0-1 (43) Heberla,B (2580)-Moranda,W (2595) Poland 2017}) 4... Bg5 5. Nf3 Bxc1 6. Qxc1 {A41: 1 d4 d6: Tartakower System and Modern Defence} Nf6 7. Nc3 O-O $146 ({Predecessor:} 7... a5 8. Be2 Na6 9. O-O Nc5 10. Qc2 Bg4 11. b3 Nh5 {0-1 (23) Ratkovic,M (2173)-Ratkovic,M (2253) Belgrade 2017}) 8. Be2 Na6 9. Nd2 {[%cal Bf3d2,Bd2f1,Bf1g3][%mdl 32]} c5 {White is slightly better.} 10. Nf1 Nc7 11. Ng3 Bd7 1/2-1/2

[Event "SVK ECo-C Extraliga 2018-19"]
[Site "Slovakia"]
[Date "2019.03.10"]
[Round "8.5"]
[White "Jacko, Vladimir"]
[Black "Stohl, Igor"]
[Result "1/2-1/2"]
[WhiteElo "2317"]
[BlackElo "2488"]
[Annotator "TA"]
[PlyCount "24"]
[EventDate "2018.11.10"]
[EventType "team-tourn"]
[EventCountry "SVK"]
[SourceTitle "playchess.com"]
[Source "ChessBase"]
[SourceQuality "1"]
[WhiteTeam "Prakovce"]
[BlackTeam "Modra"]

{[%evp 15,24,0,0,0,14,-19,-3,-24,0,-50,23]} 1. e4 c6 2. d3 d5 3. Nd2 g6 4. g3 Bg7 5. Bg2 e5 6. Ngf3 Ne7 7. O-O O-O 8. Re1 d4 9. Nc4 {B10: Caro-Kann: 2 d3 and 2 c4} b5 10. Ncd2 Nd7 11. a4 Nb6 12. b3 $146 ({Predecessor:} 12. a5 Nd7 13. b4 c5 14. bxc5 Nxc5 15. Nb3 Na4 16. Bd2 Nc6 {0-1 (31) Niedermayr,H (2220)-Khenkin,I (2565) Arco 1998}) 12... bxa4 (12... a5 $15) 1/2-1/2

[Event "SVK ECo-C Extraliga 2018-19"]
[Site "Slovakia"]
[Date "2019.03.10"]
[Round "8.5"]
[White "Zetocha, Claudiu"]
[Black "Wiewiora, Eneasz"]
[Result "0-1"]
[WhiteElo "2316"]
[BlackElo "2354"]
[Annotator "TA"]
[PlyCount "92"]
[EventDate "2018.11.10"]
[EventType "team-tourn"]
[EventCountry "SVK"]
[SourceTitle "playchess.com"]
[Source "ChessBase"]
[SourceQuality "1"]
[WhiteTeam "Slovan"]
[BlackTeam "Dubnica"]

{[%evp 20,92,-6,-14,-4,-35,-18,-31,-18,-22,-4,-1,0,-31,-24,-24,-27,-33,-34,-33,-23,-27,-29,-29,-9,-40,-39,-49,40,-6,0,-64,-50,-66,-51,-31,-15,-39,-41,-47,-41,-47,-49,-63,-32,-31,-22,-7,-22,-35,-16,-93,-85,-50,-7,-7,-22,-138,-114,-108,0,-23,-25,-319,-318,-441,-357,-29978,-29979,-29989,-29990,-29990,-29991,-29990,-894]} 1. c4 Nf6 2. Nf3 g6 3. b3 Bg7 4. Bb2 O-O 5. e3 c5 6. Be2 Nc6 7. O-O d5 8. cxd5 Qxd5 9. d3 b6 10. Nbd2 Bb7 11. a3 Rfd8 {A30: Symmetrical English: Double Fianchetto and Hedgehog} (11... Rad8 12. Qc2 e5 13. Rad1 Qe6 14. Rfe1 Rfe8 15. Bf1 Nd5 16. Qb1 h6 17. Nc4 g5 18. d4 e4 19. Nfe5 cxd4 20. exd4 {½-½ (67) Shchekachev,A (2534)-Khismatullin,D (2632) Paris 2017}) 12. Qc2 Rac8 13. Rfd1 Qe6 {Black is slightly better.} 14. Bf1 $146 ({Predecessor:} 14. Rac1 Bh6 15. Re1 Nd5 16. Bf1 Bg7 17. Bxg7 Kxg7 {½-½ (25) Schiendorfer,R (2397)-Mulligan,B (2248) ICCF email 2014}) 14... Nd5 15. Bxg7 Kxg7 16. Re1 Kg8 17. Rab1 Qf6 18. Ne4 Qg7 19. Rbc1 h6 20. Qb1 Ba6 21. Ned2 Kh7 22. h4 Kg8 23. Qc2 Nf6 (23... e6 $15) 24. Qb1 Nd5 (24... Bb5 $11) 25. Qc2 $15 Rc7 26. Red1 e6 27. Nc4 Qf6 28. Ncd2 Bb7 29. Re1 Rcc8 30. Ne4 Qg7 31. g3 f5 32. Ned2 g5 33. hxg5 hxg5 34. e4 Nd4 35. Nxd4 (35. Qd1 $1 $11 Nxf3+ 36. Qxf3) 35... cxd4 $17 36. Qd1 {Rxc8 is the strong threat.} Rxc1 37. Qxc1 Nc3 $36 {[%mdl 2048] Black is pushing.} 38. Bg2 (38. exf5 $1 $11 exf5 39. Bg2) 38... Rc8 {Threatens to win with ...Ne2+!} 39. Qb2 {[#]} Rf8 ({Black should try} 39... f4 $1 $17 40. b4 Ba6) 40. b4 f4 41. gxf4 $2 {[%mdl 8192]} (41. Qb3 $11) 41... gxf4 $19 ({Worse is} 41... Rxf4 42. Qb3 $11) 42. Nf3 Rf6 {And now ...Rg6 would win.} 43. Kh2 $2 (43. Kf1 $19 Rg6 44. Bh3) 43... Rh6+ {Black mates.} 44. Bh3 Qg4 {[%csl Gg4][%cal Rh6h3][%mdl 64] Double Attack} 45. Ng5 Qxg5 46. Rg1 {[#]} Rxh3+ $1 {Accuracy: White = 28%, Black = 43%.} 0-1

[Event "SVK ECo-C Extraliga 2018-19"]
[Site "Slovakia"]
[Date "2019.03.10"]
[Round "8.5"]
[White "Kukel, Imre"]
[Black "Kostelny, Jozef"]
[Result "0-1"]
[WhiteElo "2292"]
[BlackElo "2212"]
[Annotator "TA"]
[PlyCount "116"]
[EventDate "2018.11.10"]
[EventType "team-tourn"]
[EventCountry "SVK"]
[SourceTitle "playchess.com"]
[Source "ChessBase"]
[SourceQuality "1"]
[WhiteTeam "Komarno"]
[BlackTeam "Zilina"]

{[%evp 24,116,-14,-5,0,-70,-67,-113,-93,-89,-78,-87,-22,-91,-78,-123,-9,-8,0,0,10,-40,0,-79,-81,-76,-78,-67,-70,-66,-72,-76,-84,-116,-125,-147,-145,-143,-141,-172,-144,-187,-179,-197,-193,-181,-152,-225,-245,-352,-359,-378,-408,-662,-647,-681,-481,-472,-466,-516,-507,-496,-482,-478,-445,-556,-543,-720,-678,-1362,-1380,-1472,-1477,-1415,-1397,-1970,-1821,-4926,-4922,-12791,-6839,-29965,-29963,-29988,-29989,-29989,-29990,-29991,-29992,-29992,-29992,-29994,-29995,-29996,-29997]} 1. e4 c5 2. Nf3 Nc6 3. d4 cxd4 4. Nxd4 Nf6 5. Nc3 d6 6. Bc4 e6 7. Be3 a6 8. Qe2 Qc7 9. Bb3 b5 10. Nxc6 Qxc6 11. O-O-O Be7 12. f3 O-O 13. g4 Nd7 {B89: Sicilian: Velimirovic Attack} (13... Rb8 14. g5 Nd7 15. g6 Nc5 16. gxh7+ Kh8 17. Rhg1 Bf6 18. Qd2 Rb6 19. Bh6 Nxb3+ 20. axb3 Qc5 21. Nd5 exd5 22. Bxg7+ Bxg7 23. Qg5 {1-0 (23) Dgebuadze,A (2544)-Berkvens,J (2461) Cappelle-la-Grande 2002}) 14. Nd5 (14. h4 $1 $11) 14... Bd8 $1 $15 15. Bf4 a5 $146 {Black is better.} ({Predecessor:} 15... Ne5 16. g5 Bb7 17. Ne3 a5 18. a3 b4 19. a4 Ba6 20. Qg2 Nd3+ 21. Rxd3 Bxd3 {1-0 (47) Noetzel,F-Winzbeck,F Germany 1992}) 16. Bxd6 Re8 ({Inferior is} 16... Qxd6 17. Nf6+ $1 {[%mdl 512]} Nxf6 18. Rxd6 $16) 17. a3 {[#]} Ba6 (17... b4 $1 $17 18. Ne3 Ba6) 18. Kb1 (18. Qe3 $1 $11) 18... b4 $17 ({But not} 18... Qxd6 $2 {[#]} 19. Nf6+ $1 {[%mdl 512]} Bxf6 20. Rxd6 $18) 19. Qf2 bxa3 (19... exd5 $17 20. Bxd5 Qb5 21. Bxa8 Bb6) 20. Bxa3 $11 Rb8 21. Nc3 {Qa7 is the strong threat.} Bf6 22. Qd2 Ne5 23. g5 (23. Qd6 $11 {remains equal.}) 23... Nxf3 $17 {[%mdl 64] Double Attack} 24. Qd6 Qxd6 25. Rxd6 Bxc3 $1 26. Rxa6 Bb4 27. Bxb4 axb4 28. Ba4 Red8 29. Bc6 Nxg5 30. e5 {next h4 is good for White.} Rd4 31. Ka2 h5 32. Rf1 h4 33. Rg1 Nh3 34. Rg2 g5 35. Ra7 (35. Ra8 $17 Rxa8+ 36. Bxa8) 35... Kg7 $19 36. Ba4 (36. Rc7 $142) 36... Rd5 37. Re2 Nf4 38. Re4 (38. Rf2 $142) 38... Rd2 39. Rc4 Ng6 40. Rg4 Kh6 41. Re4 Rxh2 42. Rxf7 Nf4 43. Rf6+ Kg7 44. Rc4 {intending Rc7+.} Rb7 45. Rc8 Rf7 46. Be8 Rxf6 47. exf6+ Kxf6 {[%mdl 4096] Endgame KRB-KRN} 48. Kb3 g4 49. Kxb4 g3 50. Bc6 Rxc2 51. Rf8+ Ke5 52. Bf3 Rxb2+ {Black mates.} 53. Kc3 Rf2 54. Rg8 Rxf3+ 55. Kd2 g2 56. Rg7 h3 57. Rg8 h2 58. Rg7 g1=Q {Accuracy: White = 26%, Black = 69%.} 0-1

[Event "SVK ECo-C Extraliga 2018-19"]
[Site "Slovakia"]
[Date "2019.03.10"]
[Round "8.5"]
[White "Holtman, Teodor"]
[Black "Rohacek, Miroslav"]
[Result "0-1"]
[WhiteElo "2273"]
[BlackElo "2229"]
[Annotator "TA"]
[PlyCount "127"]
[EventDate "2018.11.10"]
[EventType "team-tourn"]
[EventCountry "SVK"]
[SourceTitle "playchess.com"]
[Source "ChessBase"]
[SourceQuality "1"]
[WhiteTeam "Snina"]
[BlackTeam "Osuske"]

{[%evp 12,127,20,25,47,29,33,25,31,21,35,13,20,7,17,0,-3,0,37,22,68,67,64,-36,-11,-4,75,60,58,58,64,70,67,79,70,65,66,48,89,87,76,83,61,67,107,0,0,0,179,-231,-224,-237,-229,-224,-220,-219,8,-4008,-1125,-767,-514,-494,-101,-101,0,0,0,0,0,-147,-146,-141,-24,-36,-29,-146,-91,-120,-110,-105,-104,-78,-12,-212,-212,-212,-153,-145,-205,-205,-153,-149,-153,-151,0,0,0,0,0,-205,-205,-205,0,-205,-205,-205,-83,-205,-205,-205,-204,-366,-370,-432,-411,-584,-554,-518]} 1. e4 c5 2. Nf3 d6 3. d4 cxd4 4. Nxd4 Nf6 5. Nc3 a6 6. h3 e5 7. Nde2 h5 {B90: Sicilian Najdorf: Unusual White 6th moves, 6 Be3 Ng4 and 6 Be3 e5} 8. g3 (8. Nd5 Nxd5 9. Qxd5 Nc6 10. Qd1 Be6 11. Nc3 Rc8 12. Be3 Ne7 13. Be2 d5 14. exd5 Nxd5 15. Nxd5 Qxd5 {½-½ (26) Wang,H (2730)-Giri,A (2783) St Petersburg 2018}) 8... Nbd7 9. a4 Be7 {White has an edge.} 10. Bg2 b6 11. O-O Bb7 12. Be3 Rc8 13. Nd5 Nxd5 14. exd5 h4 15. Qd2 f5 $146 ({Predecessor:} 15... hxg3 16. fxg3 {½-½ (43) Lu,S (2641)-Liu,Y (2479) Shenzhen 2017}) 16. f4 $1 O-O 17. b3 ({Only move:} 17. fxe5 $14 Nxe5 18. Nd4) 17... hxg3 18. fxe5 $1 Nxe5 (18... dxe5 $11 {remains equal.} 19. d6 Bxg2 20. dxe7 Qxe7 21. Kxg2 f4 22. Bxf4 exf4 23. Rxf4 Rxf4 24. Nxf4 Qe4+ 25. Kxg3 Rxc2) 19. Nd4 $1 $16 Qd7 20. Ne6 Rf6 21. Bxb6 Qe8 22. c4 $40 {[%mdl 128] White attacks with force.} Qh5 23. Rae1 Rxe6 24. dxe6 Nf3+ 25. Rxf3 $1 Bxf3 26. Qf4 $1 {[%cal Rf4f3]} Bxg2 27. Kxg2 Rf8 28. Qf3 (28. Bd4 $16) 28... Qh6 $11 29. a5 g5 $2 (29... f4 $11) 30. Bd4 $4 {[%mdl 8192] [#]} (30. Qxg3 $18 {was the only winning move.} Rf6 31. Qd3) 30... g4 $1 $19 {[%mdl 512]} 31. Qxg3 (31. hxg4 Qh2+) 31... Bh4 $1 {[%mdl 64] Skewer} 32. Qe3 f4 33. Qe4 Bxe1 $2 (33... d5 $1 $19 {[%cal Rd5e4]} 34. Qxd5 f3+ 35. Kh1 Be7) 34. Qxe1 $4 {[%mdl 8192]} (34. e7 $11 gxh3+ 35. Kh1) 34... Qxh3+ {[%mdl 4096] Endgame KQR-KQB} (34... f3+ $142 35. Kg1 Qxh3) 35. Kg1 g3 36. Qe4 {[%cal Re4g6]} Qh5 $2 (36... Qf5 $19 37. Qxf5 Rxf5) 37. e7 $17 {White wants to mate with Qe6+.} Re8 ({Much weaker is} 37... Rb8 $6 38. Qe6+ Kh7 39. Qe4+ Qg6 40. Qh1+ Qh6 41. Qe4+ Qg6 42. Qxf4 $11) (37... Qh2+ $1 $17 38. Kf1 g2+ $1 {[%mdl 512]} 39. Qxg2+ Qxg2+ 40. Kxg2 Rb8) 38. Qe6+ $11 {[%mdl 64] Double Attack} Kh7 {aiming for ...Qh2+.} 39. Qe4+ Qg6 40. Qxf4 (40. Qh1+ $1 $11 Kg8 41. Qd5+ Qf7 42. Qg5+ Kh7 43. Qh4+ Kg6 44. Qg4+ Kh7 45. Qh4+ Kg6 46. Qg4+ Kh7 47. Qh4+) 40... Kg8 $1 $17 41. Bf6 Qc2 ({Black should play} 41... Qh5 $1 $17 {[%cal Rh5h2] ( -> ...Qh2+)} 42. Qxg3+ Kf7 43. Qg7+ Ke6) 42. Qxg3+ $11 Kf7 43. Qg7+ (43. Qf3 $11 Ke6 44. Qh5 Qc1+ 45. Kf2 (45. Kh2 Qf4+ 46. Kh1 Qe4+ 47. Kh2 Kd7 $17)) 43... Ke6 $17 44. Bg5 Qxb3 {Threatens to win with ...Kd7.} 45. Qg6+ Kd7 {...Qg3+ is the strong threat.} 46. Qf5+ Kc7 (46... Kc6 $1 $17 47. Qd5+ Kc7) 47. Qf7 $2 (47. c5 $1 $11 {and White stays safe.}) 47... Qd1+ 48. Kf2 Qc2+ 49. Kg1 Kd7 (49... Qb1+ $17 50. Kf2 Qc2+ 51. Kg3 Qd3+ 52. Kf2 Kd7) 50. Qd5 $19 Qb1+ 51. Kf2 Qb2+ 52. Kf3 Qc3+ $2 (52... Qe5 $17 {And now ...Qxd5+ would win.} 53. Qxe5 dxe5) 53. Kf4 $11 Qc1+ 54. Kf5 {[%cal Rd5b7]} Qb1+ 55. Kf4 $2 (55. Kg4 $11) 55... Qf1+ $19 56. Kg4 Qg1+ $2 (56... Qe2+ $19 57. Kf5 Rc8) 57. Kf4 $2 (57. Kf5 $11 Qb1+ 58. Kg4) 57... Qf2+ $1 58. Kg4 {[#]} Qc5 (58... Qe2+ $1 $19 {has better winning chances.} 59. Kf5 Rc8) 59. Qb7+ (59. Qxc5 $17 dxc5 60. Kf5) 59... Ke6 60. Qe4+ {[#]} Qe5 $1 {[%cal Re5e4]} 61. Qg6+ $2 (61. Qxe5+ dxe5 62. Kf3) 61... Kd7 62. Bf6 Qxa5 63. Qf7 (63. Kf4 $142 Qd2+ 64. Kf3) 63... Qc5 {White must now prevent ...Rg8+!} 64. Bg5 {Accuracy: White = 42%, Black = 46%.} 0-1

[Event "SVK ECo-C Extraliga 2018-19"]
[Site "Slovakia"]
[Date "2019.03.10"]
[Round "8.6"]
[White "Jurcik, Martin"]
[Black "Bagi, Mate"]
[Result "1/2-1/2"]
[WhiteElo "2336"]
[BlackElo "2461"]
[Annotator "TA"]
[PlyCount "38"]
[EventDate "2018.11.10"]
[EventType "team-tourn"]
[EventCountry "SVK"]
[SourceTitle "playchess.com"]
[Source "ChessBase"]
[SourceQuality "1"]
[WhiteTeam "Dunajov"]
[BlackTeam "Streda"]

{[%evp 15,38,0,0,0,0,-4,0,-3,9,3,4,6,18,19,14,-4,12,12,12,17,14,6,14,13,12]} 1. e4 e5 2. Nf3 Nc6 3. d4 exd4 4. Nxd4 Nf6 5. Nxc6 bxc6 6. Bd3 d5 7. exd5 cxd5 8. O-O Be7 {The position is equal.} 9. h3 {C45: Scotch Game} (9. c4 O-O 10. cxd5 Bb7 11. Bc4 Bxd5 12. Bxd5 Nxd5 13. Nd2 c6 14. Re1 Rb8 15. Ne4 f5 16. Ng3 f4 17. Ne4 f3 18. gxf3 {½-½ (54) Fedoseev,V (2707)-Jakovenko,D (2748) Satka 2018}) 9... O-O 10. Nd2 c5 11. b3 Be6 12. Bb2 a5 $146 ({Predecessor:} 12... h6 13. Qf3 Qa5 14. Rfd1 Rac8 15. Bf5 Rc6 16. c4 Bxf5 17. cxd5 Rd6 {1-0 (44) Benson,P (1997)-Seymour,T (2038) Doncaster 2018}) 13. a4 Rb8 14. Bb5 Ne8 15. Qf3 Bf6 16. Bxf6 Nxf6 17. Rfe1 Qc7 18. Re2 Rfd8 19. Rae1 h6 {Accuracy: White = 82%, Black = 45%.} 1/2-1/2

[Event "SVK ECo-C Extraliga 2018-19"]
[Site "Slovakia"]
[Date "2019.03.10"]
[Round "8.6"]
[White "Schwarz, Dusan"]
[Black "Zambor, Norbert"]
[Result "0-1"]
[WhiteElo "2331"]
[BlackElo "2260"]
[Annotator "TA"]
[PlyCount "72"]
[EventDate "2018.11.10"]
[EventType "team-tourn"]
[EventCountry "SVK"]
[SourceTitle "playchess.com"]
[Source "ChessBase"]
[SourceQuality "1"]
[WhiteTeam "Modra"]
[BlackTeam "Prakovce"]

{[%evp 14,72,-48,-57,-57,-184,-60,-42,-57,-52,-51,-50,-19,-18,-20,-17,8,0,17,-43,0,0,0,-3,22,19,18,12,14,0,0,0,4,8,9,0,0,0,0,-92,-75,-91,-90,-72,-90,-232,-230,-681,-656,-891,-216,-935,-935,-811,-797,-959,-947,-878,-794,-784,-668]} 1. d4 Nf6 2. c4 e6 3. Nc3 Bb4 4. f3 c5 5. d5 O-O 6. e4 d6 {E20: Nimzo-Indian: 4 g3 and 4 f3} 7. Bg5 h6 (7... exd5 8. cxd5 Nbd7 9. Bd3 Ne5 10. Nge2 c4 11. Bc2 Bc5 12. Qd2 h6 13. Be3 Qb6 14. Bxc5 Qxc5 {½-½ (68) Mamedyarov,S (2817)-Aronian,L (2765) Kolkata 2018}) 8. Bh4 {LiveBook: 3 Games} Re8 {Black is slightly better.} 9. a3 $146 (9. Nge2 $15) ({Predecessor:} 9. Nge2 exd5 10. cxd5 Nbd7 11. Qb3 Ne5 12. Nc1 Ng6 13. Bf2 Nf4 14. Kd1 {0-1 (35) Nadanian,A (2380)-Pashikian,A (2604) Yerevan 2015}) 9... Ba5 ({Better is} 9... Bxc3+ $1 $19 10. bxc3 exd5 11. cxd5 Nxe4 12. Bxd8 Nxc3+ 13. Ne2 Nxd1) 10. Nge2 $15 exd5 11. cxd5 Nbd7 12. Bf2 Ne5 13. Ng3 $1 a6 14. Be2 Ng6 15. O-O Nf4 16. Qd2 (16. Qc1 $11 Nxe2+ 17. Ncxe2) 16... Nxe2+ (16... N6xd5 $5 17. Bc4 (17. exd5 $2 Qg5 $17) 17... Qg5 $11) 17. Ngxe2 Nd7 18. Rab1 Ne5 19. b4 cxb4 20. axb4 Bb6 21. Nd4 Bd7 22. Rbc1 Rc8 23. Nce2 Qf6 24. Rfd1 h5 {[%cal Bh6h5,Bh5h4,Bh4h3][%mdl 32]} 25. Rxc8 Rxc8 26. Rc1 (26. h3 $11 {remains equal.}) 26... Rxc1+ $17 27. Nxc1 h4 28. Nce2 h3 29. f4 (29. Qf4 $17 {keeps fighting.}) 29... Ng4 $19 {...Bb5 is the strong threat.} 30. Bg3 $2 (30. gxh3 Nxf2 31. Kxf2) 30... Bb5 {Threatens to win with ...Bxe2.} 31. Kh1 Qg6 $2 (31... Bxe2 32. Nc2 Bf1 33. gxh3 Bxh3) 32. f5 $2 {[#]} (32. Nc3 Bf1 33. gxh3) 32... Nf2+ $1 {[%mdl 512] Black is clearly winning.} 33. Kg1 (33. Bxf2 Qxg2#) 33... Qg4 34. gxh3 Nxh3+ 35. Kg2 Ng5 36. Ng1 Qxe4+ {Precision: White = 42%, Black = 58%.} 0-1

[Event "SVK ECo-C Extraliga 2018-19"]
[Site "Slovakia"]
[Date "2019.03.10"]
[Round "8.6"]
[White "Vojtek, Vladimir"]
[Black "Briestensky, Rastislav"]
[Result "1-0"]
[WhiteElo "2313"]
[BlackElo "2343"]
[Annotator "TA"]
[PlyCount "55"]
[EventDate "2018.11.10"]
[EventType "team-tourn"]
[EventCountry "SVK"]
[SourceTitle "playchess.com"]
[Source "ChessBase"]
[SourceQuality "1"]
[WhiteTeam "Dubnica"]
[BlackTeam "Slovan"]

{[%evp 13,55,58,77,4,21,16,94,71,83,23,131,122,108,110,70,71,145,126,137,0,130,144,118,129,181,185,245,271,293,293,316,167,388,254,222,83,435,428,633,356,367,373,29998,29999]} 1. e4 d6 2. d4 Nf6 3. Nc3 g6 4. f4 Bg7 5. Nf3 O-O 6. Bd3 c5 7. dxc5 dxc5 8. Qe2 {B09: Pirc Defence: Austrian Attack} ({White should play} 8. e5 $16) (8. e5 Nd5 9. Nxd5 Qxd5 10. Qe2 Bf5 11. Bxf5 gxf5 12. O-O Nc6 13. Rd1 Qe6 14. Be3 b6 15. Ng5 Qg6 16. h4 h5 17. Bf2 Rad8 18. Rxd8 Rxd8 {0-1 (43) Aronian,L (2813)-Svidler,P (2769) Stavanger 2013}) 8... Nc6 $11 9. e5 Ng4 (9... Nd4 $1 $11 10. Qd1 (10. Nxd4 cxd4 11. Ne4 Nxe4 $11) 10... Nd5) 10. h3 $16 {White is better.} Nh6 11. g4 ({Better is} 11. O-O $16) 11... f6 $146 (11... Nd4 $1 $11 12. Nxd4 cxd4) ({Predecessor:} 11... Qc7 12. Be3 a6 13. O-O-O Be6 14. Kb1 Rfd8 15. Qf2 b6 16. f5 {1-0 (26) Badalov,S (2322)-Abdullaev,M Baku 1999}) 12. Be3 fxe5 13. fxe5 ({Don't play} 13. Bxc5 Qa5 $15) 13... Nf7 14. O-O-O $1 Qa5 (14... Be6 $142) 15. Bc4 e6 16. Ne4 (16. Rhf1 $16) 16... Nfxe5 (16... b5 $1 $11 17. Bxb5 Qxa2) 17. Nxe5 Nxe5 18. Bxc5 Nxc4 (18... Rf4 $16) 19. Qxc4 $18 Qc7 {[#]} (19... Re8 $142 20. Nd6 Rd8) 20. Qd3 $1 Re8 21. Rhf1 e5 22. Nd6 (22. Bd6 $142 Qd8 23. Qf3) 22... Re6 $2 (22... Be6 {was necessary.}) 23. Ba3 Bd7 24. Nxb7 $40 {[%mdl 128] White is out for blood.} (24. Ne4 $18 {has better winning chances.} Be8 25. Kb1) 24... Be8 $2 {[%mdl 8192]} (24... Bh6+ $16 25. Kb1 Qxb7 26. Qxd7 Qxd7 27. Rxd7 e4) 25. Nd8 Qb6 (25... Rxd8 $142 26. Qxd8 Bh6+ 27. Kb1 Qxd8 28. Rxd8 Bf4) 26. Nxe6 Qxe6 27. Qd6 Qxa2 $2 {[#]} (27... Qxd6 $18 28. Rxd6 a5) 28. Rf8+ $1 {[%mdl 576] Back Rank. Accuracy: White = 44%, Black = 26%.} 1-0